The doctrine of hell-torments distinctly and impartially discussed : The second edition. To which is prefix'd, a preface inscribed to the Rev. William Whiston, M.A. concerning his Eternity of hell-torments considered. By Abr. Oakes, ...

Bibliographic Details
Main Author: Oakes, Abraham, 1685 or 1686-1756
Format: eBook
Language:English
Series:Eighteenth century collections online.
Online Access:Full text online

MARC

Tag First Indicator Second Indicator Subfields
LEADER 00000cam a2200000 4500
001 in00001908645
006 m | d |
007 cr |n||||||||n
008 840330s1740 enk|||| s 00||||eng d
005 20260406215715.3
035 |a (CStRLIN)ESTCN2186 
040 |a Cu-RivES  |c Cu-RivES  |d CStRLIN  |d Thomson Gale  |d UtOrBLW 
100 1 |a Oakes, Abraham,  |d 1685 or 1686-1756. 
245 1 4 |a The doctrine of hell-torments distinctly and impartially discussed :  |b The second edition. To which is prefix'd, a preface inscribed to the Rev. William Whiston, M.A. concerning his Eternity of hell-torments considered. By Abr. Oakes, ... 
264 3 |a London :  |b printed for J. Noon,  |c 1740. 
300 |a 4 unnumbered pages, viii, 1 unnumbered page, 6-72p. ;  |c 8⁰. 
336 |a text  |b txt  |2 rdacontent 
337 |a computer  |b c  |2 rdamedia 
338 |a online resource  |b cr  |2 rdacarrier 
500 |a Reproduction of original from the Harvard University Houghton Library. 
510 4 |a English Short Title Catalog,  |c ESTCN2186. 
533 |a Electronic reproduction.  |b Farmington Hills, Mich. :  |c Thomson Gale,  |d 2003.  |n Available via the World Wide Web.  |n Access limited by licensing agreements  |7 s2003 miunns 
500 |a Electronic resource. 
830 0 |a Eighteenth century collections online. 
856 4 0 |u http://proxy.library.tamu.edu/login?url=https://galenet.galegroup.com/servlet/ECCO?c=1&stp=Author&ste=11&af=BN&ae=N002186&tiPG=1&dd=0&dc=flc&docNum=CW117776664&vrsn=1.0&srchtp=a&d4=0.33&n=10&SU=0LRF&locID=txshracd2898  |z Full text online  |t 0 
999 |a MARS 
999 f f |s ff76e2b4-404b-3d9e-b6a4-c1e7f3d8b207  |i 190a040d-8795-3099-9851-a413d7a4ab3f  |t 0 
952 f f |a Texas A&M University  |b College Station  |c Electronic Resources  |s www_evans  |d Available Online  |t 0  |h No information provided 
998 f f |t 0  |l Available Online